| 000 | 00885nam a2200277 i 4500 | ||
|---|---|---|---|
| 001 | 15301 | ||
| 003 | ES-MaACL | ||
| 005 | 20250805062543.0 | ||
| 007 | t| | ||
| 008 | 000214s1999 sp ||||0| spa j | ||
| 020 | _a84-493-0672-8 | ||
| 040 |
_aM-BN _bspa _cM-BN |
||
| 080 | _a321.01 | ||
| 100 | 1 |
_aHabermas, Jürgen. _961376 |
|
| 245 | 1 | 3 |
_aLa inclusión del otro _b: estudios de teoría política / _cJürgen Habermas ; [traducción de Juan Carlos Velasco Arroyo, Gerard Vilar Roca]. |
| 260 |
_aBarcelona : _bPaidós, _c[1999] |
||
| 300 |
_a258 p. ; _c22 cm. |
||
| 490 | 1 |
_aPaidós básica ; _v98 |
|
| 650 | 4 |
_aPolítica- _xFilosofía _916274 |
|
| 700 | 1 |
_aVelasco Arroyo, Juan Carlos. _9113744 |
|
| 700 | 1 |
_aVilar, Gerard. _9114794 |
|
| 830 | 0 |
_aPaidós básica ; _v98 _9178397 |
|
| 852 |
_aES-MaACL _jL-22639 _bR.127911 |
||
| 999 |
_c15301 _d15301 |
||